La democracia y los derechos humanos en la cooperación de desarrollo de Suecia.

Bibliographic Details
Format: Libro
Language:English
Published: Stockolm Ministerio de Asuntos Exteriores 1999
Subjects:
Online Access:

MARC

LEADER 00000cam a2200000 a 4500
001 007711
003 UAHC_CL
005 20170803120359.0
008 010822b xx j 000 1 eng
020 |a 917496156X 
040 |a UAHC_CL  |c UAHC_CL  |d UAHC_CL 
082 0 4 |a 321.8 D383 
245 1 3 |a La democracia y los derechos humanos en la cooperación de desarrollo de Suecia. 
260 |a Stockolm  |b Ministerio de Asuntos Exteriores  |c 1999 
300 |a 141 p. 
650 4 |a DEMOCRACIA 
650 4 |a SUECIA  |x DERECHOS HUMANOS 
650 4 |a SUECIA 
900 |a 321.8 DEMO 
942 |c BK 
952 |0 0  |1 0  |4 0  |6 321_800000000000000_DEMO  |7 0  |8 General  |9 16702  |a BC  |b BC  |c General  |d 2017-08-03  |l 0  |o 321.8 DEMO  |p 1307526  |r 2026-01-07 00:00:00  |t 1  |w 2017-08-03  |y BK 
999 |c 7711  |d 7711